Esselunga di Milano - Statistics

Statistiche generali
  • Questo quiz è stato fatto 23 volte
  • Il punteggio medio è 5 su 43
Statistiche sulle risposte
Hint Risposta % Corretto
Navigli viale Papiniano
33%
Milano Sud via Ripamonti
33%
Solari via Solari
33%
Piazza Piemonte via Washington
33%
Milano Est via Feltre
27%
Milano Ovest via Novara
27%
Garibaldi Porta Nuova
20%
Milano Est Porta Vittoria
20%
Porta Venezia viale Piave
20%
Milano Est Viale Umbria
20%
Milano Ovest via Lorenteggio
20%
Milano Nord Cascina Merlata
13%
Loreto LaEsse Buenos Aires
13%
Milano Nord Milano Certosa
13%
Milano Ovest via Forze Armate
13%
Milano Sud Viale Cassala
13%
Milano Sud viale Famagosta
13%
Milano Nord viale Jenner
13%
Milano Sud Viale Tibaldi
13%
Milano Nord viale Zara
13%
Milano Nord Affori
7%
Wagner LaEsse Corso Vercelli
7%
Centro Storico LaEsse largo Augusto
7%
Garibaldi LaEsse Melchiorre Gioia
7%
Milano Nord LaEsse MIND
7%
Milano Est Piazza Ovidio
7%
Milano Est via Adriano
7%
Milano Sud via dei Missaglia
7%
Lotto viale Vigliani
7%
Cenisio via Losanna
7%
Milano Nord via Mac Mahon
7%
Fiera Milano via Monte Rosa
7%
Milano Sud via Pezzotti
7%
Milano Est LaEsse Città Studi
0%
Navigli LaEsse Corso Genova
0%
Centro Storico LaEsse corso Italia
0%
Guastalla LaEsse Montenero
0%
Fiera Milano LaEsse Teodorico
0%
Centro Storico LaEsse via Spadari
0%
Milano Nord viale Suzzani
0%
Milano Ovest via Morgantini
0%
XXII marzo via Pietro Calvi
0%
Milano Est via Rubattino
0%
Nessun quiz corrispondente trovato
Distribuzione punteggi
Percentuale di utenti per punteggio
Percentile per numero di risposta
I tuoi punteggi nel tempo
Non hai fatto questo quiz